Estadísticas para Patrimonio de la Humanidad

Haz click aquí para intentar la prueba.

Estadísticas generales

  • Esta prueba ha sido intentada 100 veces
  • La puntuación promedio es 24 de 30

Estadísticas de respuestas

Patrimonios de la Humanidad reconocidosPaís% Correcto
43Francia
99%
53Italia
99%
52China
98%
46España
96%
21Japón
96%
42Alemania
94%
18Grecia
93%
34México
93%
28Rusia
93%
21Brasil
92%
36India
90%
11Argentina
89%
18Canadá
88%
23Estados Unidos
87%
17Turquía
85%
19Australia
82%
12Perú
80%
15Portugal
80%
31Reino Unido
80%
15Suecia
79%
10Austria
77%
16Polonia
77%
22Irán
74%
13Bélgica
68%
12Suiza
68%
10Países Bajos
64%
12República Checa
61%
12Corea del Sur
56%
10Croacia
52%
10Bulgaria
43%

Distribución de puntuación

Porcentaje por número respondido

Porcentaje de gente con cada puntuación

Historial de tus puntuaciones

No has intentado esta prueba.